History Quiz

Random History or Typing Quiz

Typing Challenge: US Presidents Only Quiz Stats

Quiz Updated Jan 8, 2018

Challenge
Share
Tweet
Embed
Score 0/36 Timer 01:00
6 Plays Today
President Surname Name or Skip % Correct
????
100%
????
97%
????
84.1%
????
82.7%
????
81.5%
????
81.1%
????
76.4%
????
75.8%
????
73.2%
????
71.8%
????
71.1%
????
69.6%
????
69.1%
????
68.5%
????
67.8%
????
66.7%
????
65.3%
????
62.6%
President Surname Name or Skip % Correct
????
60.8%
????
56.1%
????
54.7%
????
53.4%
????
51.9%
????
50%
????
47.8%
????
45.4%
????
41.6%
????
31.6%
????
28.8%
????
26.2%
????
23.9%
????
19.8%
????
16.5%
????
13.6%
????
10.5%
????
8%

You're not logged in!

Compare scores with friends on all Sporcle quizzes.
Sign Up with Email
OR
Log In

You Might Also Like...

Show Comments

Extras

Top Quizzes Today


Score Distribution

Your Account Isn't Verified!

In order to create a playlist on Sporcle, you need to verify the email address you used during registration. Go to your Sporcle Settings to finish the process.